000 01175nam a2200313 a 4500
001 BRCA_1212
005 20190320203329.0
008 070408s1993----mx-a---###---#000-0#spa-#
020 _a9686191429
050 4 _aNA5060
_b.G37 1993
245 1 0 _aEl retablo de la virgen de los Dolores
_ctexto de García-Noriega y Nieto, Lucía ... [et al.]
260 _aMéxico
_bCentro Cultural Arte Contemporáneo
_cc1993
300 _a144 p.
_bil. a color
_c29 cm.
500 _aEstado físico: encuadernado, enero 2013
504 _aIncluye referencias bibliográficas
546 _aTexto en : español, inglés y francés
600 1 4 _aVirgen de los Dolores en el arte
_93983
610 2 4 _aSanta Lucía (Hacienda)
_93984
650 1 4 _aRetablo de la virgen de los Dolores (Arte)
_93985
650 1 4 _aRetablos mexicanos
_93581
650 1 4 _aRetablos barrocos
_zMéxico
_93848
650 1 4 _aArte mexicano
_92321
650 1 4 _aArte colonial
_zMéxico
_93986
650 1 4 _aRetablos
_zMéxico
_93987
700 1 _aGarcía-Noriega y Nieto, Lucía
_93988
710 2 _aSanta Lucía (Hacienda)
_93984
710 2 _aCentro Cultural / Arte Contemporáneo (México)
_93725
942 _2lcc
_cB
999 _c1085
_d1085